Представление документа в формате MARC21

ПолеНазваниеЗначение
  Тип записи a
  Библиографический уровень m
001 Контрольный номер RU\infra-m\znanium\bibl\2226484
005 Дата корректировки 20260429142332.4
008 Кодируемые данные 260122s2025 RU g rus u
020 Индекс ISBN __
a ISBN 978-5-16-021473-3
020 Индекс ISBN __
a ISBN 978-5-16-114322-3 (электр. издание)
040 Источник каталогиз. __
a Служба первич. каталог. Общество с ограниченной ответственностью «ЗНАНИУМ»
041 Код языка издания __
a Код языка текста rus
044 Код страны публикации __
a Код страны публикации RU
080 Индекс УДК __
a Индекс УДК 621.757.006.3.001.66(075.
084 Индекс другой классификации/Индекс ББК __
2 Источник индекса rubbk
a Индекс другой классификации/Индекс ББК 34.68-4-02я73
084 Индекс другой классификации/Индекс ББК __
2 Источник индекса okso
a Индекс другой классификации/Индекс ББК 15.03.05
084 Индекс другой классификации/Индекс ББК __
2 Источник индекса okso
a Индекс другой классификации/Индекс ББК 15.04.05
100 Автор __
a Автор Киселев Е. С.
q Полное имя Киселев Евгений Степанович
u Дополнение Ульяновский государственный технический университет
245 Заглавие __
a Заглавие Методики расчета механосборочных и вспомогательных цехов, участков и малых предприятий машиностроительного производства
b Продолж. заглавия Учебное пособие
c Ответственность Ульяновский государственный технический университет
250 Сведения об издании __
g испр. и доп.
a Основные сведения об издании 2
260 Выходные данные __
a Место издания Москва
b Издательство ООО "Научно-издательский центр ИНФРА-М"
c Дата издания 2026
300 Физическое описание __
a Объем 143 с.
440 Серия __
a Серия Высшее образование
520 Аннотация __
a Аннотация Учебное пособие разработано в соответствии с рабочей программой дисциплины «Проектирование машиностроительного производства» по направлению 151900 «Конструкторско-технологическое обеспечение машиностроительных производств». Предназначено для использования при проведении практических занятий а также в процессе изучения теоретического курса выполнения контрольных работ и соответствующих разделов дипломных проектов. Изложены методы и методики расчета цехов участков и малых предприятий механосборочного производства современного машиностроения. Приведены справочные и нормативные данные необходимые для проектирования. Рассмотрены компоновочные решения цехов участков и малых предприятий и задачи модернизации современного механосборочного производства. Для студентов всех форм обучения в том числе дистанционного а также инженерно-технических работников технологических служб машиностроительных предприятий.
521 Примеч. о цел. назн. __
a Примеч. о целев. назн. ВО - Бакалавриат
650 Тематические рубрики __
a Основная рубрика Промышленность. Энергетика
x Основная подрубрика Общее машиностроение. Машиноведение
655 Указ. предметных рубрик (устаревшее) __
a Жанр/ форма (устаревшее) Учебное пособие
700 Другие авторы __
a Другие авторы Худобин Л. В.
q Полное имя Худобин Леонид Викторович
856 Электронный адрес документа 4_
a Имя сервера/домена znanium.ru
m Помощь ebs_support@infra-m.ru
n Местонахождение сервера НИЦ ИНФРА-М
u URL https://znanium.ru/catalog/document?id=470296
856 Электронный адрес документа 48
a Имя сервера/домена znanium.ru
d Путь /cover/2226
f Электронное имя 2226484.jpg
q Тип электронного формата image/jpeg
u URL https://znanium.ru/cover/2226/2226484.jpg
911 __
u 0030=https://znanium.ru/catalog/document?id=470296